La ciencia de la educación
Furkejuvvon:
| Váldodahkki: | |
|---|---|
| Materiálatiipa: | Girji |
| Giella: | espánnjágiella |
| Almmustuhtton: |
Buenos Aires
Losada
1948
|
| Ráidu: | Biblioteca del Maestro, 6
|
| Fáttát: | |
| Fáddágilkorat: |
Lasit fáddágilkoriid
Eai fáddágilkorat, Lasit vuosttaš fáddágilkora!
|
MARC
| LEADER | 00000nam a2200000 a 4500 | ||
|---|---|---|---|
| 001 | UCX9889 | ||
| 003 | CL-VaPUC | ||
| 008 | 940701e19480000AG |||||||||||||||||spa|d | ||
| 082 | 0 | 4 | |a 370.1 |b DEW |2 21 |
| 100 | 0 | |a Dewey, John |e author |9 327408 | |
| 245 | 1 | 3 | |a La ciencia de la educación |
| 300 | |a 140 p | ||
| 942 | |c BK | ||
| 945 | |d 19940701 00:00:00 |a rbrito | ||
| 260 | |a Buenos Aires |b Losada |c 1948 | ||
| 650 | 0 | |a Filosofía de la educación |9 258384 | |
| 583 | |a last modification |c 19940701 00:00:00 |k Rodrigo Vera | ||
| 490 | 0 | |a Biblioteca del Maestro, 6 | |
| 999 | |c 229015 |d 229013 | ||
| 952 | |0 0 |1 0 |4 0 |6 370_100000000000000_DEW_1948 |7 0 |8 P |9 229545 |a BIBEDU |b BIBEDU |c BIBEDU_PB |d 2019-11-15 |i 2987511 |o 370.1 DEW 1948 |p 2987511 |r 2024-01-25 |w 2019-11-15 |y BK |k EDU | ||